[Event "Calgary op"]
[Site "Calgary CAN"]
[Date "2024.12.26"]
[Round "1"]
[White "Preotu, Razvan"]
[Black "Arruebarrena, Rafael"]
[Result "1-0"]
[WhiteElo "2475"]
[BlackElo "2093"]
[WhiteFideId "-1"]
[WhiteFideId "-1"]
[PlyCount "77"]
[GameId "2128670426837717"]
[EventDate "2024.12.26"]
[EventType "swiss"]
[EventRounds "9"]
[EventCountry "CAN"]
[SourceTitle "Mega2025 Update 10"]
[Source "Chessbase"]
[SourceDate "2025.01.09"]
[SourceVersion "1"]
[SourceVersionDate "2025.01.09"]
[SourceQuality "1"]

1. e4 c5 2. Nf3 e6 3. c3 Nf6 4. e5 Nd5 5. d4 cxd4 6. cxd4 d6 7. Bc4 Be7 8. O-O O-O 9. Qe2 b6 10. Rd1 Bb7 11. Bxd5 exd5 12. Nc3 Na6 13. Be3 Nc7 14. Qc2 Qd7 15. a4 Rfc8 16. Qb3 Rab8 17. Bf4 Bf8 18. Nb5 Nxb5 19. axb5 Qf5 20. Bg3 dxe5 21. Rxa7 Ba8 22. Nxe5 Rb7 23. Qa4 Rxa7 24. Qxa7 Qe6 25. h3 f6 26. Qd7 Re8 27. Qxe6+ Rxe6 28. Nd7 Bb4 29. Ra1 Re1+ 30. Rxe1 Bxe1 31. Nxb6 Bb7 32. Na4 Ba5 33. b6 Bc6 34. Bd6 Kf7 35. b4 Ke6 36. bxa5 Kxd6 37. Nc5 Bb5 38. a6 Kc6 39. a7 1-0

[Event "Calgary op"]
[Site "Calgary CAN"]
[Date "2024.12.27"]
[Round "2.1"]
[White "Doknjas, Neil"]
[Black "Preotu, Razvan"]
[Result "0-1"]
[WhiteElo "2262"]
[BlackElo "2475"]
[WhiteFideId "-1"]
[WhiteFideId "-1"]
[PlyCount "56"]
[GameId "2160767905786982"]
[EventDate "2024.12.26"]
[EventType "swiss"]
[EventRounds "9"]
[EventCountry "CAN"]
[SourceTitle "The Week in Chess 1573"]
[Source "Mark Crowther"]
[SourceDate "2024.12.30"]
[SourceVersion "1"]
[SourceVersionDate "2024.12.30"]
[SourceQuality "2"]

1. e4 c5 2. Nf3 d6 3. d4 cxd4 4. Nxd4 Nf6 5. Nc3 a6 6. Be3 e6 7. Bc4 b5 8. Bb3 Be7 9. a3 O-O 10. Qe2 Bb7 11. f3 Nc6 12. O-O-O Nd7 13. h4 Nc5 14. Kb1 Nxb3 15. cxb3 Qb8 16. Bg5 Nxd4 17. Rxd4 f6 18. Be3 Bc6 19. Bf2 a5 20. Nd5 exd5 21. exd5 Bd7 22. g4 Re8 23. Qd2 Bd8 24. Bg3 Bb6 25. Rd3 b4 26. a4 Bc8 27. Qf4 Ba6 28. Rdd1 Be3 0-1

[Event "Calgary op"]
[Site "Calgary CAN"]
[Date "2024.12.28"]
[Round "4"]
[White "Chandra, Anand"]
[Black "Preotu, Razvan"]
[Result "0-1"]
[WhiteElo "2162"]
[BlackElo "2475"]
[WhiteFideId "-1"]
[WhiteFideId "-1"]
[PlyCount "138"]
[GameId "2128670426850034"]
[EventDate "2024.12.26"]
[EventType "swiss"]
[EventRounds "9"]
[EventCountry "CAN"]
[SourceTitle "Mega2025 Update 10"]
[Source "Chessbase"]
[SourceDate "2025.01.09"]
[SourceVersion "1"]
[SourceVersionDate "2025.01.09"]
[SourceQuality "1"]

1. e4 c6 2. Nf3 d5 3. d3 Qc7 4. Nc3 dxe4 5. dxe4 e5 6. Bc4 b5 7. Bb3 h6 8. O-O Nf6 9. Re1 Be7 10. a3 O-O 11. Nh4 Bg4 12. Qd3 Nh5 13. Ng6 Rd8 14. Nxe7+ Qxe7 15. Qe3 Nd7 16. h3 Be6 17. Bxe6 Qxe6 18. Qf3 Nhf6 19. Be3 a5 20. Ne2 Ne8 21. Ng3 Ndf6 22. Rad1 Qc4 23. Rxd8 Rxd8 24. Bb6 Ra8 25. Qe2 Nd6 26. Qd1 Qe6 27. Bc5 Nc4 28. b3 Nd7 29. bxc4 Nxc5 30. cxb5 cxb5 31. Qd5 Qxd5 32. exd5 f6 33. Rb1 Rb8 34. Nf5 Kf8 35. Nd6 b4 36. Nc4 Rb5 37. Nd6 Rb8 38. Nc4 Na6 39. Nxa5 bxa3 40. Ra1 Nb4 41. Rxa3 Nxc2 42. Rc3 Nd4 43. Rc7 Rb5 44. d6 Rxa5 45. Rc8+ Kf7 46. d7 Ne6 47. d8=Q Nxd8 48. Rxd8 f5 49. Rd6 f4 50. f3 Ra7 51. Rb6 Re7 52. Kf2 Re6 53. Rb4 g5 54. Re4 Kf6 55. Re2 Kf5 56. Rb2 Kg6 57. Rb8 Kh5 58. Rb2 Kh4 59. Rb5 h5 60. Rb8 Ra6 61. Rg8 Ra2+ 62. Kg1 e4 63. fxe4 g4 64. hxg4 hxg4 65. e5 Kg3 66. Kf1 Rf2+ 67. Ke1 Rxg2 68. e6 f3 69. Kf1 Ra2 0-1

[Event "Calgary op"]
[Site "Calgary CAN"]
[Date "2024.12.28"]
[Round "5.1"]
[White "Georgiev, Vladimir"]
[Black "Preotu, Razvan"]
[Result "0-1"]
[WhiteElo "2388"]
[BlackElo "2475"]
[WhiteFideId "-1"]
[WhiteFideId "-1"]
[PlyCount "117"]
[GameId "2160767905787012"]
[EventDate "2024.12.26"]
[EventType "swiss"]
[EventRounds "9"]
[EventCountry "CAN"]
[SourceTitle "The Week in Chess 1573"]
[Source "Mark Crowther"]
[SourceDate "2024.12.30"]
[SourceVersion "1"]
[SourceVersionDate "2024.12.30"]
[SourceQuality "2"]

1. d4 Nf6 2. Nf3 g6 3. Nbd2 d5 4. b4 Bg7 5. e3 a5 6. b5 c5 7. bxc6 Nxc6 8. Bb5 O-O 9. O-O Bf5 10. Bxc6 bxc6 11. Ba3 Nd7 12. Rc1 Nb6 13. Re1 Qd7 14. c4 Be6 15. cxd5 cxd5 16. Bc5 Rfb8 17. Bxb6 Rxb6 18. Nb3 Qa4 19. Re2 Bg4 20. Rec2 Bf5 21. Rd2 Qa3 22. h3 Rab8 23. Kh2 Bd7 24. Nc5 Be8 25. Ne5 Bxe5+ 26. dxe5 Rb2 27. Na6 Rd8 28. Rxd5 Rxd5 29. Qxd5 Rxf2 30. Rg1 e6 31. Qa8 Qf8 32. Nc7 Ba4 33. Qxa5 Bc6 34. Qc3 Bb7 35. e4 Qd8 36. Qe3 Rb2 37. Rc1 Rb4 38. a3 Rxe4 39. Qb6 Qg5 40. Rg1 Qxe5+ 41. Kh1 Rc4 42. Qxb7 Rxc7 43. Qb8+ Kg7 44. a4 Qa5 45. Qb2+ e5 46. Qb5 Rc5 47. Qxa5 Rxa5 48. Ra1 e4 49. Kg1 f5 50. Kf2 f4 51. Ke2 Kf6 52. Kd2 Kg5 53. Kc3 Kh4 54. Kd4 e3 55. Ke4 Kg3 56. Ra2 g5 57. Kd3 Rd5+ 58. Kc3 Re5 59. Kd4 0-1

[Event "Calgary op"]
[Site "Calgary CAN"]
[Date "2024.12.29"]
[Round "6.1"]
[White "Preotu, Razvan"]
[Black "Bahmani, Amir Mohammad"]
[Result "0-1"]
[WhiteElo "2475"]
[BlackElo "2191"]
[WhiteFideId "-1"]
[WhiteFideId "-1"]
[PlyCount "70"]
[GameId "2160767905787022"]
[EventDate "2024.12.26"]
[EventType "swiss"]
[EventRounds "9"]
[EventCountry "CAN"]
[SourceTitle "The Week in Chess 1573"]
[Source "Mark Crowther"]
[SourceDate "2024.12.30"]
[SourceVersion "1"]
[SourceVersionDate "2024.12.30"]
[SourceQuality "2"]

1. e4 e5 2. Nf3 Nc6 3. Bc4 Nf6 4. d3 Bc5 5. Bg5 d6 6. c3 h6 7. Bh4 Bb6 8. Nbd2 Ne7 9. Bxf6 gxf6 10. Nh4 c6 11. Qf3 Ng6 12. Nf5 d5 13. Bb3 Bxf5 14. Qxf5 Qd6 15. O-O-O Ne7 16. Qh5 O-O-O 17. Rhf1 Rhg8 18. g3 f5 19. Qxf7 Rgf8 20. Qh5 fxe4 21. dxe4 Rxf2 22. Nc4 Qf6 23. Nxb6+ axb6 24. Rxf2 Qxf2 25. Qxh6 d4 26. Be6+ Kb8 27. Qg5 d3 28. Qxe5+ Ka7 29. Bb3 Nc8 30. Rd2 Qe1+ 31. Bd1 Nd6 32. Qd4 Nxe4 33. Qa4+ Kb8 34. Rg2 Rf8 35. Rg1 Qe3+ 0-1

[Event "Calgary op"]
[Site "Calgary CAN"]
[Date "2024.12.29"]
[Round "7.1"]
[White "Preotu, Razvan"]
[Black "Komarov, Dimitri"]
[Result "1-0"]
[WhiteElo "2475"]
[BlackElo "2442"]
[WhiteFideId "-1"]
[WhiteFideId "-1"]
[PlyCount "65"]
[GameId "2160767905787032"]
[EventDate "2024.12.26"]
[EventType "swiss"]
[EventRounds "9"]
[EventCountry "CAN"]
[SourceTitle "The Week in Chess 1573"]
[Source "Mark Crowther"]
[SourceDate "2024.12.30"]
[SourceVersion "1"]
[SourceVersionDate "2024.12.30"]
[SourceQuality "2"]

1. Nf3 c5 2. c4 Nc6 3. Nc3 e5 4. g3 g6 5. Bg2 Bg7 6. O-O Nge7 7. d3 O-O 8. a3 d6 9. Rb1 Rb8 10. b4 b6 11. e3 Qd7 12. Nd5 cxb4 13. axb4 b5 14. Nd2 bxc4 15. b5 Na5 16. Qa4 Nxd5 17. Bxd5 Nb3 18. Qxc4 Nxc1 19. Rfxc1 Rb6 20. Ra1 Kh8 21. Ra5 f5 22. Rca1 f4 23. Rxa7 Qd8 24. Qc7 Qxc7 25. Rxc7 fxe3 26. fxe3 Bh6 27. Raa7 Bxe3+ 28. Kh1 Bb7 29. Bxb7 Rxb5 30. Bc6 Bxa7 31. Bxb5 Be3 32. Nc4 Bc5 33. Nxe5 1-0

[Event "Titled Tuesday 2024.12.24 Late"]
[Site "chess.com INT"]
[Date "2024.12.24"]
[Round "1"]
[White "Galstyan, David"]
[Black "Preotu, Razvan"]
[Result "0-1"]
[WhiteElo "2305"]
[BlackElo "2475"]
[WhiteFideId "-1"]
[WhiteFideId "-1"]
[PlyCount "42"]
[GameId "2129405226988672"]
[EventDate "2024.12.24"]
[EventType "swiss (blitz)"]
[EventRounds "11"]
[EventCountry "NET"]
[SourceTitle "The Week in Chess 1573"]
[Source "Mark Crowther"]
[SourceDate "2024.12.30"]
[SourceVersion "1"]
[SourceVersionDate "2024.12.30"]
[SourceQuality "2"]

1. e4 c5 2. Nc3 d6 3. d4 cxd4 4. Qxd4 Nc6 5. Qd2 g6 6. b3 Bh6 7. f4 Nf6 8. Bb2 O-O 9. O-O-O e5 10. g3 Re8 11. Bd3 Bg4 12. Re1 exf4 13. gxf4 d5 14. h3 Bh5 15. exd5 Rxe1+ 16. Qxe1 Bxf4+ 17. Kb1 Nxd5 18. Nxd5 Qxd5 19. Ne2 Bxe2 20. Bxe2 Re8 21. Qc3 Qxh1+ 0-1

[Event "Titled Tuesday 2024.12.24 Late"]
[Site "chess.com INT"]
[Date "2024.12.24"]
[Round "2"]
[White "Preotu, Razvan"]
[Black "Cacheiro Blanco, Diego"]
[Result "0-1"]
[WhiteElo "2475"]
[BlackElo "2335"]
[WhiteFideId "-1"]
[WhiteFideId "-1"]
[PlyCount "102"]
[GameId "2129405226989059"]
[EventDate "2024.12.24"]
[EventType "swiss (blitz)"]
[EventRounds "11"]
[EventCountry "NET"]
[SourceTitle "The Week in Chess 1573"]
[Source "Mark Crowther"]
[SourceDate "2024.12.30"]
[SourceVersion "1"]
[SourceVersionDate "2024.12.30"]
[SourceQuality "2"]

1. e4 e6 2. d4 d5 3. Nc3 Nf6 4. e5 Nfd7 5. f4 c5 6. Nf3 Nc6 7. Be3 h6 8. Qd2 g5 9. dxc5 gxf4 10. Bxf4 Nxc5 11. O-O-O Bd7 12. Bd3 Qb6 13. Kb1 O-O-O 14. Be3 Qa5 15. Nb5 Qxd2 16. Rxd2 a6 17. Nd6+ Bxd6 18. exd6 Nxd3 19. cxd3 Rdg8 20. Rf1 Be8 21. d4 f6 22. Bf4 Kd7 23. a3 Bg6+ 24. Ka2 Be4 25. Ne1 e5 26. Bg3 Ke6 27. Nd3 Bxd3 28. Rxd3 Nxd4 29. Rxd4 exd4 30. Re1+ Kf5 31. d7 d3 32. Kb3 d2 33. Rd1 Rd8 34. Rxd2 Rxd7 35. Kc3 Rc8+ 36. Kd3 Rc4 37. Bf2 Ke5 38. b3 Re4 39. Bg3+ Ke6 40. Rc2 f5 41. Rc8 f4 42. Bf2 Rg7 43. g3 f3 44. Rf8 Rf7 45. Re8+ Kf5 46. Rd8 Re2 47. Bd4 Kg4 48. Rxd5 Kh3 49. Rh5+ Kg2 50. Rxh6 f2 51. Bxf2 Rexf2 0-1

[Event "Titled Tuesday 2024.12.24 Late"]
[Site "chess.com INT"]
[Date "2024.12.24"]
[Round "3"]
[White "Kona, Vidip"]
[Black "Preotu, Razvan"]
[Result "1-0"]
[WhiteElo "2084"]
[BlackElo "2475"]
[WhiteFideId "-1"]
[WhiteFideId "-1"]
[PlyCount "45"]
[GameId "2129405226989161"]
[EventDate "2024.12.24"]
[EventType "swiss (blitz)"]
[EventRounds "11"]
[EventCountry "NET"]
[SourceTitle "The Week in Chess 1573"]
[Source "Mark Crowther"]
[SourceDate "2024.12.30"]
[SourceVersion "1"]
[SourceVersionDate "2024.12.30"]
[SourceQuality "2"]

1. Nf3 c5 2. e4 d6 3. d4 cxd4 4. Qxd4 Nc6 5. Qe3 g6 6. c4 Bg7 7. Nc3 Nf6 8. Be2 O-O 9. O-O Qb6 10. Qd2 Be6 11. Rb1 Nd7 12. b3 Nc5 13. Bb2 Qa5 14. Qc1 Nb4 15. Rd1 Nxa2 16. Nxa2 Qxa2 17. Bxg7 Kxg7 18. Nd4 Qa6 19. b4 Nxe4 20. c5 b5 21. Bxb5 Qc8 22. Bc6 dxc5 23. bxc5 1-0

[Event "Titled Tuesday 2024.12.24 Late"]
[Site "chess.com INT"]
[Date "2024.12.24"]
[Round "4"]
[White "Preotu, Razvan"]
[Black "Zhuang, Kyle"]
[Result "1-0"]
[WhiteElo "2475"]
[BlackElo "2088"]
[WhiteFideId "-1"]
[WhiteFideId "-1"]
[PlyCount "33"]
[GameId "2129405226989354"]
[EventDate "2024.12.24"]
[EventType "swiss (blitz)"]
[EventRounds "11"]
[EventCountry "NET"]
[SourceTitle "The Week in Chess 1573"]
[Source "Mark Crowther"]
[SourceDate "2024.12.30"]
[SourceVersion "1"]
[SourceVersionDate "2024.12.30"]
[SourceQuality "2"]

1. e4 c5 2. Nf3 e6 3. c3 d5 4. exd5 exd5 5. d4 Nc6 6. Bb5 Bd6 7. O-O Nge7 8. dxc5 Bxc5 9. Nbd2 O-O 10. Nb3 Bb6 11. Re1 Bg4 12. Be3 h5 13. h3 Bf5 14. Bxc6 bxc6 15. Bc5 Re8 16. Nfd4 Bg6 17. Rxe7 1-0

[Event "Titled Tuesday 2024.12.24 Late"]
[Site "chess.com INT"]
[Date "2024.12.24"]
[Round "5"]
[White "Matlak, Oleksandr"]
[Black "Preotu, Razvan"]
[Result "0-1"]
[WhiteElo "2235"]
[BlackElo "2475"]
[WhiteFideId "-1"]
[WhiteFideId "-1"]
[PlyCount "108"]
[GameId "2129405226989703"]
[EventDate "2024.12.24"]
[EventType "swiss (blitz)"]
[EventRounds "11"]
[EventCountry "NET"]
[SourceTitle "The Week in Chess 1573"]
[Source "Mark Crowther"]
[SourceDate "2024.12.30"]
[SourceVersion "1"]
[SourceVersionDate "2024.12.30"]
[SourceQuality "2"]

1. c4 c5 2. Nf3 Nc6 3. Nc3 g6 4. g3 Bg7 5. Bg2 e5 6. O-O d6 7. a3 a5 8. d3 Nge7 9. Bd2 O-O 10. Rb1 Rb8 11. Nb5 d5 12. b4 axb4 13. axb4 dxc4 14. bxc5 cxd3 15. Nd6 dxe2 16. Qxe2 Bg4 17. Be3 Nf5 18. Nxf5 Bxf5 19. Rfd1 Bxb1 20. Rxd8 Rfxd8 21. Ng5 h6 22. Ne4 Nd4 23. Bxd4 exd4 24. Nd6 Bf8 25. Nxb7 d3 26. Qd2 Rxb7 27. Bxb7 Bxc5 28. Bf3 Bc2 29. Kg2 h5 30. h4 Be7 31. Qc3 Rd6 32. Qc7 Bf8 33. Qc8 Ba4 34. Qa8 Bd7 35. Qb8 d2 36. Bd1 Bc6+ 37. f3 Re6 38. Qb3 Re1 39. Qc2 Bb4 40. Qxc6 Rxd1 41. Qc8+ Kg7 42. Qd7 Rb1 43. Qd4+ Kh7 44. Qf6 Bf8 45. Qxf7+ Bg7 46. g4 d1=Q 47. gxh5 Qg1+ 48. Kh3 Qh1+ 49. Kg4 Rg1+ 50. Kf4 Qxh4+ 51. Ke3 Re1+ 52. Kd2 Qf2+ 53. Kd3 Qd4+ 54. Kc2 Qc3# 0-1

[Event "Titled Tuesday 2024.12.24 Late"]
[Site "chess.com INT"]
[Date "2024.12.24"]
[Round "6"]
[White "Preotu, Razvan"]
[Black "Slovineanu, Viacheslav"]
[Result "1-0"]
[WhiteElo "2475"]
[BlackElo "2412"]
[WhiteFideId "-1"]
[WhiteFideId "-1"]
[PlyCount "49"]
[GameId "2129405226989803"]
[EventDate "2024.12.24"]
[EventType "swiss (blitz)"]
[EventRounds "11"]
[EventCountry "NET"]
[SourceTitle "The Week in Chess 1573"]
[Source "Mark Crowther"]
[SourceDate "2024.12.30"]
[SourceVersion "1"]
[SourceVersionDate "2024.12.30"]
[SourceQuality "2"]

1. e4 c6 2. Nc3 d5 3. Nf3 dxe4 4. Nxe4 Nf6 5. Qe2 Nxe4 6. Qxe4 Qd5 7. Qh4 Qe6+ 8. Be2 Qg6 9. O-O Qxc2 10. Re1 Nd7 11. d3 e6 12. b3 Be7 13. Bg5 Bxg5 14. Nxg5 Nf6 15. Qb4 Nd5 16. Qd6 Qc3 17. Bh5 g6 18. Ne4 Qg7 19. Bf3 Bd7 20. Nc5 O-O-O 21. Bxd5 cxd5 22. Rac1 Bc6 23. Qf4 Rhe8 24. Na6 f6 25. Qb8+ 1-0

[Event "Titled Tuesday 2024.12.24 Late"]
[Site "chess.com INT"]
[Date "2024.12.24"]
[Round "7"]
[White "Herbrig, Alexander"]
[Black "Preotu, Razvan"]
[Result "0-1"]
[WhiteElo "2325"]
[BlackElo "2475"]
[WhiteFideId "-1"]
[WhiteFideId "-1"]
[PlyCount "80"]
[GameId "2129405226990037"]
[EventDate "2024.12.24"]
[EventType "swiss (blitz)"]
[EventRounds "11"]
[EventCountry "NET"]
[SourceTitle "The Week in Chess 1573"]
[Source "Mark Crowther"]
[SourceDate "2024.12.30"]
[SourceVersion "1"]
[SourceVersionDate "2024.12.30"]
[SourceQuality "2"]

1. d4 Nf6 2. Nf3 g6 3. g3 Bg7 4. Bg2 d5 5. O-O O-O 6. c4 dxc4 7. Na3 c3 8. bxc3 c5 9. Rb1 Nc6 10. Nc4 Nd5 11. Bb2 Bf5 12. Rc1 Nb6 13. Nfe5 Nxe5 14. Nxe5 Bxe5 15. dxe5 Nc4 16. Ba1 Qa5 17. Qd5 Qa6 18. Qxb7 Qxb7 19. Bxb7 Rab8 20. Bd5 Be6 21. Bxe6 fxe6 22. Rb1 Nd2 23. Rxb8 Rxb8 24. Rd1 Nc4 25. Kg2 Kf7 26. Rc1 a5 27. f4 a4 28. Kf3 a3 29. Ke4 Rd8 30. g4 Rd2 31. f5 gxf5+ 32. gxf5 exf5+ 33. Kxf5 Rxe2 34. e6+ Rxe6 35. Rg1 Re2 36. Kf4 Rxa2 37. Re1 e5+ 38. Ke4 Ke6 39. Kd3 Kd5 40. Rg1 e4# 0-1

[Event "Titled Tuesday 2024.12.24 Late"]
[Site "chess.com INT"]
[Date "2024.12.24"]
[Round "8"]
[White "Kryakvin, Dmitry"]
[Black "Preotu, Razvan"]
[Result "1-0"]
[WhiteElo "2462"]
[BlackElo "2475"]
[WhiteFideId "-1"]
[WhiteFideId "-1"]
[PlyCount "70"]
[GameId "2129405226990168"]
[EventDate "2024.12.24"]
[EventType "swiss (blitz)"]
[EventRounds "11"]
[EventCountry "NET"]
[SourceTitle "The Week in Chess 1573"]
[Source "Mark Crowther"]
[SourceDate "2024.12.30"]
[SourceVersion "1"]
[SourceVersionDate "2024.12.30"]
[SourceQuality "2"]

1. d4 Nf6 2. c4 g6 3. Nc3 d5 4. cxd5 Nxd5 5. e4 Nxc3 6. bxc3 Bg7 7. Nf3 c5 8. Bb5+ Nc6 9. O-O O-O 10. Bxc6 bxc6 11. Qc2 cxd4 12. cxd4 Bg4 13. Ne5 Qxd4 14. Bb2 Qb4 15. Rab1 Bxe5 16. Bxe5 Qa5 17. Ba1 Rab8 18. a4 c5 19. Rb5 Rxb5 20. axb5 Qxb5 21. Rb1 Qe2 22. Qc3 f6 23. f3 Be6 24. Qxc5 Rc8 25. Qf2 Qxf2+ 26. Kxf2 Rc2+ 27. Kg3 g5 28. Rb7 h5 29. h4 gxh4+ 30. Kxh4 Kf7 31. Bd4 Rxg2 32. Bc5 Bc4 33. Rxe7+ Kg6 34. Rxa7 Be2 35. Bf8 f5 1-0

[Event "Titled Tuesday 2024.12.24 Late"]
[Site "chess.com INT"]
[Date "2024.12.24"]
[Round "9"]
[White "Preotu, Razvan"]
[Black "Cumpe, Lucas"]
[Result "1-0"]
[WhiteElo "2475"]
[BlackElo "2303"]
[WhiteFideId "-1"]
[WhiteFideId "-1"]
[PlyCount "61"]
[GameId "2129405226990292"]
[EventDate "2024.12.24"]
[EventType "swiss (blitz)"]
[EventRounds "11"]
[EventCountry "NET"]
[SourceTitle "The Week in Chess 1573"]
[Source "Mark Crowther"]
[SourceDate "2024.12.30"]
[SourceVersion "1"]
[SourceVersionDate "2024.12.30"]
[SourceQuality "2"]

1. e4 c5 2. Nf3 e6 3. c3 d5 4. exd5 exd5 5. d4 Nc6 6. Bb5 Bd6 7. O-O Nge7 8. dxc5 Bxc5 9. Nbd2 O-O 10. Nb3 Bb6 11. Re1 Bg4 12. h3 Bh5 13. a4 Bc7 14. Be3 Ne5 15. Be2 Nc4 16. Bc5 Re8 17. Bxc4 dxc4 18. Qxd8 Raxd8 19. Bxe7 Rd7 20. Ba3 Rxe1+ 21. Rxe1 f6 22. Nbd4 Bd8 23. Nd2 Bf7 24. Ne4 Bc7 25. Nc5 Rd5 26. Nxb7 Be5 27. Nb5 a6 28. N5d6 Bg6 29. Nxc4 Bc7 30. Bd6 Bd3 31. Ne3 1-0

[Event "Titled Tuesday 2024.12.24 Late"]
[Site "chess.com INT"]
[Date "2024.12.24"]
[Round "10"]
[White "Meskenas, Paulius"]
[Black "Preotu, Razvan"]
[Result "0-1"]
[WhiteElo "2203"]
[BlackElo "2475"]
[WhiteFideId "-1"]
[WhiteFideId "-1"]
[PlyCount "56"]
[GameId "2129405226990432"]
[EventDate "2024.12.24"]
[EventType "swiss (blitz)"]
[EventRounds "11"]
[EventCountry "NET"]
[SourceTitle "The Week in Chess 1573"]
[Source "Mark Crowther"]
[SourceDate "2024.12.30"]
[SourceVersion "1"]
[SourceVersionDate "2024.12.30"]
[SourceQuality "2"]

1. g3 c5 2. Bg2 Nc6 3. f4 d5 4. e3 e5 5. d3 Nf6 6. Nc3 exf4 7. exf4 d4 8. Ne4 Nd5 9. Qe2 Be7 10. Nxc5 Qa5+ 11. Bd2 Qxc5 12. Nf3 Qxc2 13. Rc1 Qxb2 14. O-O Ne3 15. Nxd4 Nxg2 16. Nxc6 bxc6 17. Kxg2 O-O 18. Rf2 Be6 19. f5 Bd5+ 20. Kg1 Bf6 21. Rf4 Rfe8 22. Qd1 Bd4+ 23. Kf1 Be3 24. Rc2 Qb6 25. Rg4 Bxd2 26. Qxd2 Qe3 27. Qxe3 Rxe3 28. Rf2 Rae8 0-1

[Event "Titled Tuesday 2024.12.24 Late"]
[Site "chess.com INT"]
[Date "2024.12.24"]
[Round "11"]
[White "Preotu, Razvan"]
[Black "Nazari, Arad"]
[Result "1-0"]
[WhiteElo "2475"]
[BlackElo "2401"]
[WhiteFideId "-1"]
[WhiteFideId "-1"]
[PlyCount "99"]
[GameId "2129405226990629"]
[EventDate "2024.12.24"]
[EventType "swiss (blitz)"]
[EventRounds "11"]
[EventCountry "NET"]
[SourceTitle "The Week in Chess 1573"]
[Source "Mark Crowther"]
[SourceDate "2024.12.30"]
[SourceVersion "1"]
[SourceVersionDate "2024.12.30"]
[SourceQuality "2"]

1. e4 c5 2. Nf3 d6 3. d4 cxd4 4. Nxd4 Nf6 5. Nc3 a6 6. Be2 e5 7. Nb3 Be6 8. f4 Qc7 9. g4 h6 10. g5 hxg5 11. fxg5 Nfd7 12. Bg4 Nb6 13. g6 N8d7 14. Bxe6 fxe6 15. Qg4 O-O-O 16. Qxe6 Qc4 17. Qxc4+ Nxc4 18. Bg5 Re8 19. O-O-O Re6 20. Nd5 Rxg6 21. h4 Ncb6 22. Ne3 Re6 23. Nd2 g6 24. Nf3 Kc7 25. c4 Bh6 26. Bxh6 Rxh6 27. Ng5 Re7 28. Rdf1 Rh8 29. Kc2 Rg8 30. b4 Kb8 31. Kb3 Nf8 32. a4 Nh7 33. a5 Nc8 34. Nd5 Rd7 35. Nxh7 Rxh7 36. Nf6 Rgg7 37. Nxh7 Rxh7 38. Rfg1 Rh6 39. Rg5 Ne7 40. h5 gxh5 41. Rhxh5 Rf6 42. Rh7 Rf3+ 43. Ka4 Nc6 44. Rg8+ Ka7 45. Rgg7 Rf1 46. Rxb7+ Ka8 47. Rbc7 Ra1+ 48. Kb3 Rb1+ 49. Kc2 Rxb4 50. Rxc6 1-0

[Event "Titled Tuesday 2024.12.17 Late"]
[Site "chess.com INT"]
[Date "2024.12.17"]
[Round "1"]
[White "Preotu, Razvan"]
[Black "Parfenov, Viktor"]
[Result "1-0"]
[WhiteElo "2475"]
[BlackElo "2193"]
[WhiteFideId "-1"]
[WhiteFideId "-1"]
[PlyCount "45"]
[GameId "2129405226704583"]
[EventDate "2024.12.17"]
[EventType "swiss (blitz)"]
[EventRounds "11"]
[EventCountry "NET"]
[SourceTitle "The Week in Chess 1572"]
[Source "Mark Crowther"]
[SourceDate "2024.12.23"]
[SourceVersion "2"]
[SourceVersionDate "2024.12.24"]
[SourceQuality "2"]

1. e4 e6 2. d4 d5 3. Nc3 Nf6 4. e5 Nfd7 5. f4 c5 6. Nf3 Nc6 7. Be3 a6 8. Qd2 b5 9. Be2 Qb6 10. Nd1 b4 11. c3 a5 12. O-O Ba6 13. Bxa6 Rxa6 14. Bf2 Be7 15. f5 bxc3 16. bxc3 cxd4 17. cxd4 exf5 18. Ne3 Qb4 19. Qd1 Nb6 20. Rb1 Qa4 21. Qe2 Nc4 22. Nxd5 O-O 23. Nc3 1-0

[Event "Titled Tuesday 2024.12.17 Late"]
[Site "chess.com INT"]
[Date "2024.12.17"]
[Round "2"]
[White "Owezdurdiyeva, J."]
[Black "Preotu, Razvan"]
[Result "0-1"]
[WhiteElo "2078"]
[BlackElo "2475"]
[WhiteFideId "-1"]
[WhiteFideId "-1"]
[PlyCount "80"]
[GameId "2129405226709096"]
[EventDate "2024.12.17"]
[EventType "swiss (blitz)"]
[EventRounds "11"]
[EventCountry "NET"]
[SourceTitle "The Week in Chess 1572"]
[Source "Mark Crowther"]
[SourceDate "2024.12.23"]
[SourceVersion "2"]
[SourceVersionDate "2024.12.24"]
[SourceQuality "2"]

1. e4 c5 2. Nf3 d6 3. c3 Nf6 4. Bd3 Nc6 5. O-O Bg4 6. h3 Bh5 7. Re1 e6 8. Bb5 Qb6 9. Na3 a6 10. Bf1 Be7 11. Nc4 Qc7 12. d4 cxd4 13. cxd4 Bxf3 14. gxf3 d5 15. Na3 Rd8 16. e5 Nh5 17. Nc2 g5 18. Kh2 f5 19. f4 Nxf4 20. Bxf4 gxf4 21. Qh5+ Kd7 22. Rac1 Qb6 23. b3 Nxd4 24. Nxd4 Qxd4 25. Qf3 Rc8 26. Rcd1 Rc3 27. Rxd4 Rxf3 28. Kg2 Rc3 29. Rxf4 Rg8+ 30. Kh2 Rc2 31. a4 Bg5 32. Rf3 Bh4 33. Re2 Rc1 34. Bg2 Rgc8 35. Rf4 Bg5 36. Rb4 R8c7 37. Kg3 h5 38. h4 R1c3+ 39. Bf3 Be7 40. Kg2 Bxb4 0-1